British Celebrities by Picture #3 - Statistics

General Stats
  • This quiz has been taken 273 times
  • The average score is 10 of 20
Answer Stats
Picture Answer % Correct
Princess Catherine
92%
David Bowie
91%
King Henry VIII
87%
Zayn Malik
79%
Robbie Williams
77%
Ozzy Osbourne
55%
Claudia Winkleman
51%
Lee Mack
50%
Holly Willoughby
46%
Emilia Clarke
42%
Agatha Christie
41%
Dermot O'Leary
41%
Alan Turing
38%
Jane Goodall
38%
Alec Guinness
36%
Annie Lennox
36%
Shirley Bassey
28%
Aaron Taylor-Johnson
27%
Rachel Weisz
24%
Rochelle Humes
19%
No matching quizzes found
Score Distribution
Percent of People with Each Score
Percentile by Number Answered
Your Score History
You have not taken this quiz